000 00222nam a22001097a 4500
003 OSt
008 250103b |||||||| |||| 00| 0 eng d
041 _aeng
100 _aPremchand
_95537
245 _aVaradhanam
942 _cBK
999 _c18879
_d18879